Total Quality Management (TQM) : Principles, Methods, and Applications /

Salvato in:
Dettagli Bibliografici
Autore principale: Luthra, Sunil (Autore)
Altri autori: et al
Natura: Libro
Lingua:inglese
Pubblicazione: Boca Raton CRC Press 2021
Serie:Mathematical Engineering, Manufacturing, and Management Sciences
Soggetti:
TQM
Tags: Aggiungi Tag
Nessun Tag, puoi essere il primo ad aggiungerne!!

MARC

LEADER 00000nam a22000003a 4500
001 0091374
003 SK-STU
005 20211108105245.3
007 ta
008 211108s ----xo-----e------000-0-----d
020 |a 978-0-367-51283-5 
040 |a STU  |b slo 
041 0 |a eng 
044 |a xxu 
100 1 |a Luthra, Sunil  |4 aut 
245 1 0 |a Total Quality Management (TQM) :  |b Principles, Methods, and Applications /  |c aut. Sunil Luthra, et al 
260 |a Boca Raton  |b CRC Press  |c 2021 
300 |a 198 s. 
490 0 |a Mathematical Engineering, Manufacturing, and Management Sciences 
650 0 7 |a TQM 
700 1 |a et al. 
996 |b 284M088886  |c M* 14534-1  |l MMKN  |s A  |a 24  |w 0091374_0001